Šetria náklady

Outsourcing a offshoring ako podnikateľské nástroje, ktorých najdôležitejším prínosom je úspora nákladov. Kedy outsourcing a kedy offshoring? Základom výberu je dôkladná analýza samotnej spoločnosti. Budúcnosť outsourcingu a offshoringu v pokrízovom období.

Na minha lista:
Detalhes bibliográficos
Autor principal: Sadloňová, Petronela
Formato: Capítulo de Livro
Idioma:eslovaco
Assuntos:
Tags: Adicionar Tag
Sem tags, seja o primeiro a adicionar uma tag!

MARC

LEADER 00000naa a2200000 4500
001 0148892
005 20231109070457.8
041 0 |a slo 
044 |a SK 
245 1 0 |a Šetria náklady  |c Petronela Sadloňová 
520 |a Outsourcing a offshoring ako podnikateľské nástroje, ktorých najdôležitejším prínosom je úspora nákladov. Kedy outsourcing a kedy offshoring? Základom výberu je dôkladná analýza samotnej spoločnosti. Budúcnosť outsourcingu a offshoringu v pokrízovom období. 
610 2 0 |a outsourcing 
610 2 0 |a offshoring 
610 2 0 |a náklady 
610 2 0 |a úspory 
610 2 0 |a podnikanie 
100 1 |a Sadloňová, Petronela